| 000 | 00797nam a2200205 i 4500 | ||
|---|---|---|---|
| 001 | 172397 | ||
| 003 | ES-MaACL | ||
| 005 | 20230906214910.0 | ||
| 007 | t| | ||
| 008 | 090630s1934 fr ||||1| fre d | ||
| 080 | _a821.133.1-2"17" | ||
| 100 | 0 |
_aRegnard, Jean François. _995901 |
|
| 245 | 1 | 3 |
_aLe joueur _b: comédie / _cRegnard ; avec une notice biographique, une notice historique et littéraire, des notes explicatives, des jugements, un questionnaire sur la pièce et des sujets de devoirs, par J.-Roger Charbonnel. |
| 260 |
_aParís : _bLibraire Larousse, _c1934. |
||
| 300 |
_a124 p. ; _c17 p. |
||
| 490 | 1 | _aClassiques Larousse | |
| 830 | 0 |
_aClassiques Larousse _9189084 |
|
| 852 | 4 |
_aES-MaACL _jE-12738 _9R.139392 _z. - Biblioteca Jacinto Martínez Lacalle |
|
| 999 |
_c172397 _d172397 |
||